| 000 | 00620nam a2200193Ia 4500 | ||
|---|---|---|---|
| 003 | LDD | ||
| 008 | 190117s9999 xx 000 0 und d | ||
| 020 |
_a978935000960 _c₹750 |
||
| 040 | _cLDD | ||
| 041 | _ahi | ||
| 082 | _a320.954 शे34स | ||
| 100 | _aशेठ, धीरूभाई | ||
| 245 | 0 |
_aसत्ता और समाज _cधीरूभाई शेठ |
|
| 260 |
_aनई दिल्ली _bवाणी प्रकाशन _c2009 |
||
| 300 | _a514 | ||
| 901 | _aVANI 00 | ||
| 904 | _aReqst by : Ravindra Kumar | ||
| 942 |
_2ddc _cH |
||
| 999 |
_c172063 _d172063 |
||